00438nam a22001577a 450000500170000000800410001702000180005804100120007608200150008810000120010324500490011525000180016426000430018230000300022565000250025520241003052615.0241003b |||||||| |||| 00| 0 eng d a9781776176397 aEnglish a343.4 CON  lEnglish aConcise Guide to Tax in Namibia / cD Clegg  a11th Edition  aDurban: bLexisNexis (Pty) Ltd, c2023 bvii, 328 pages; c22 cm.  aLegal practice bLaw